| 000 | 00540nam a22001577a 4500 | ||
|---|---|---|---|
| 003 | OSt | ||
| 005 | 20151101094707.0 | ||
| 008 | 151101b xxu||||| |||| 00| 0 eng d | ||
| 040 | _cRUA | ||
| 082 | _aFOR ចាន់ 1989 B115 Or.1 | ||
| 100 |
_93112 _aចាន់ ចេស្ដា |
||
| 245 | _aលក្ខណៈជីវសាស្រ្តនៃដើមប្រេងខ្យល់ តំបន់ក្ដាត ខេត្តកំពត | ||
| 260 |
_aPhnom Penh _bRUA _c1989 |
||
| 300 |
_a121p. _bill. _c29cm. |
||
| 942 |
_2ddc _cFOR |
||
| 999 |
_c2901 _d2901 |
||